<?xml version="1.0" encoding="UTF-8"?>
<collection xmlns="http://www.loc.gov/MARC21/slim">
 <record>
  <leader>01370nam a2200181Ia 4500</leader>
  <controlfield tag="001">CTU_19432</controlfield>
  <controlfield tag="008">210402s9999    xx            000 0 und d</controlfield>
  <datafield tag="082" ind1=" " ind2=" ">
   <subfield code="a">615.1</subfield>
  </datafield>
  <datafield tag="082" ind1=" " ind2=" ">
   <subfield code="b">B787</subfield>
  </datafield>
  <datafield tag="100" ind1=" " ind2=" ">
   <subfield code="a">William Cameron Bowman</subfield>
  </datafield>
  <datafield tag="245" ind1=" " ind2="0">
   <subfield code="a">Textbook of pharmacology</subfield>
  </datafield>
  <datafield tag="245" ind1=" " ind2="0">
   <subfield code="c">William Cameron Bowman, Michael John Ran</subfield>
  </datafield>
  <datafield tag="260" ind1=" " ind2=" ">
   <subfield code="a">Oxford, London</subfield>
  </datafield>
  <datafield tag="260" ind1=" " ind2=" ">
   <subfield code="b">Blackwell</subfield>
  </datafield>
  <datafield tag="260" ind1=" " ind2=" ">
   <subfield code="c">1980</subfield>
  </datafield>
  <datafield tag="520" ind1=" " ind2=" ">
   <subfield code="a">This is an exciting book by two unconvetional professors of pharmacology. It presents the subject in a balanced and well described context of chemistry, biochemistry, molecular biology, embryology, physiolgy, pathology, immunology, and so on. All components have been expanded, some, such as endocrinology, the chemotherapy of infections and of cancer, and pharmacokinetics, greatly so. In addition, the book includes drugs used in skin disorders, drugs of abuse and dependence, and pharmacologically active constituents of food. One of the problems of pharmacology is that the subject matter may be presented simply as boring lists of drugs and their properties. Such lists, in the form of pharmacopoeias, formularies and prescriber's handbooks, provide valuable and indeed essential repositoiries of information about drugs</subfield>
  </datafield>
  <datafield tag="650" ind1=" " ind2=" ">
   <subfield code="a">medicine - formulae, receips, prescribing,pharmacology,pharmacopoeias</subfield>
  </datafield>
  <datafield tag="980" ind1=" " ind2=" ">
   <subfield code="a">Trung tâm Học liệu Trường Đại học Cần Thơ</subfield>
  </datafield>
 </record>
</collection>
